La enseñanza temprana de una segunda lengua : consideraciones y sugerencias /

El objetivo de este artículo es intentar reunir la información existente sobre el problema de la enseñanza de una segunda lengua en la niñez temprana, revisando referentes teóricos, especialmente lo planteado por Hamers y Blanc (1195), para luego relacionarlo con las características que debiera tene...

Descripción completa

Detalles Bibliográficos
Autor principal: Lavanchy Bobsien, Sylvia
Formato: Analitica de revista
Lenguaje:español
Publicado: Santiago, Chile Pontificia Universidad Católica de Chile 1996

MARC

LEADER 00000cab a2200000 a 4500
001 036354
003 UAHC_CL
005 20170803123959.0
008 030922s1994 cl f 000 spa
040 |a UAHC_CL  |c UAHC_CL  |d UAHC_CL 
100 1 |a Lavanchy Bobsien, Sylvia 
245 1 3 |a La enseñanza temprana de una segunda lengua :  |b consideraciones y sugerencias /  |c Sylvia Lavanchy Bobsien. 
260 |b Pontificia Universidad Católica de Chile  |c 1996  |a Santiago, Chile 
300 |a p. 225-236 
500 |a En: Pensamiento educativo, nû19, 1996. p. 225-236. ISSN 07171013. 
500 |a En: Pensamiento educativo, n°19, 1996. p. 225-236. ISSN 07171013. 
500 |a En: Pensamiento educativo, nç19, 1996. p. 225-236. ISSN 07171013. 
520 |a El objetivo de este artículo es intentar reunir la información existente sobre el problema de la enseñanza de una segunda lengua en la niñez temprana, revisando referentes teóricos, especialmente lo planteado por Hamers y Blanc (1195), para luego relacionarlo con las características que debiera tener este tipo de programa. Se hace una proposición general, destacando los aspectos que garantizan los mayores beneficios para el niño en su experiencia temprana con dos lenguas. 
520 |a El objetivo de este artículo es intentar reunir la información existente sobre el problema de la enseñanza de una segunda lengua en la niñez temprana, revisando referentes teóricos, especialmente lo planteado por Hamers y Blanc (1195), para luego relacionarlo con las características que debiera tener este tipo de programa. Se hace una proposición general, destacando los aspectos que garantizan los mayores beneficios para el niño en su experiencia temprana con dos lenguas. 
759 |a PP160 
773 0 |t Revista PRELAC  |w 041234 
900 |a PENSAMIENTO EDUCATIVO-19/96 
942 |c REVA 
952 |0 0  |1 0  |4 0  |6 PENSAMIENTO_EDUCATIVO19_96_000000000000000  |7 0  |8 General  |9 69075  |a BC  |b BC  |c General  |d 2017-08-03  |l 0  |o PENSAMIENTO EDUCATIVO-19/96  |p FICTICIO4816  |r 2019-01-08 00:00:00  |t 1  |w 2017-08-03  |y REVA 
999 |c 36354  |d 36354